000 01159cam a2200217 4500500
005 20251228065544.0
041 _afre
042 _adc
100 1 0 _aBroudic, Jean-Yves
_eauthor
245 0 0 _aRencontres
260 _c2019.
500 _a7
520 _aLe soin et le travail social ne sont pas des services proposés par des professionnels à des patients et usagers. La relation n’est pas à sens unique, des premiers vers les seconds. Elle est bien plus complexe parce qu’elle comporte une dimension inconsciente où du désir est en jeu. Les réunions d’analyse de pratique et de supervision sont des temps de réflexion collective sur ces enjeux, et elles ne sont pas non plus à sens unique, s’il s’agit de rencontres.
690 _aconflits inconscients
690 _aRelations soignants-patients
690 _arelations travailleur social-usager
690 _arencontre
690 _atraduction théorie-pratique
786 0 _nVST - Vie sociale et traitements | 142 | 2 | 2019-04-09 | p. 78-81 | 0396-8669
856 4 1 _uhttps://shs.cairn.info/revue-vie-sociale-et-traitements-2019-2-page-78?lang=fr&redirect-ssocas=7080
999 _c1591740
_d1591740